00456nam a2200193 a 4500001001300000003000900013005001700022008004100039020001000080082001300090100001700103245001800120260004200138300000900180500003500189505001100224650001000235700001700245nice12345678IN_TiNIC20260116012158.0050524s1923 alga grp 000 0 ara  ac10000a245bSMI aSmith, Percy aKitab Mazamir aAlgerbPublications Methodistesc1923 a237p aincludes index and biblioraphy2 aThesis aHymns1 aSmith, Percy